| 000 | 01365nam a2200373 i 4500 | ||
|---|---|---|---|
| 003 | EG-ScBUE | ||
| 005 | 20241210135204.0 | ||
| 008 | 150819t1998 nuja f b 001 0 eng d | ||
| 020 | _a9780139505454 | ||
| 020 | _a013950458 | ||
| 040 |
_aEG-ScBUE _beng _erda _cEG-ScBUE _dEG-ScBUE |
||
| 082 | 0 | 4 |
_a519.5 _bMCC _222 |
| 100 | 1 |
_aMcClave, James T., _eauthor. |
|
| 245 | 1 | 0 |
_aStatistics for business and economics / _cJames T. McClave, Info Tech, Inc., University of Florida, P. George Benson, Graduate School of Management, Rutgers University, Terry Sincich, University of South Florida. |
| 250 | _aSeventh edition. | ||
| 250 | _aInternational edition. | ||
| 264 | 1 |
_aUpper Saddle River : _bPrentice Hall International, _c[1998] |
|
| 264 | 4 | _cc1998 | |
| 300 |
_axix, 1067 pages : _billustrations ; _c28 cm |
||
| 336 |
_2rdacontent _atext _btxt |
||
| 337 |
_aunmediated _2rdamedia _bn |
||
| 338 |
_avolume _bnc _2rdacarrier |
||
| 504 | _aIncludes bibliographical references and index. | ||
| 590 | _aDoha | ||
| 650 | 7 |
_aCommercial statistics. _2BUEsh |
|
| 650 | 7 |
_aEconomics _xStatistical methods. _2BUEsh |
|
| 650 | 7 |
_aStatistics. _2BUEsh |
|
| 651 | _2BUEsh | ||
| 653 |
_bBUSADM _bBUSECO _cAugust2015 |
||
| 655 | _vReading book | ||
| 700 | 1 |
_aBenson, P. George, _d1946- _eauthor. _937446 |
|
| 700 | 1 |
_aSincich, Terry, _eauthor. |
|
| 942 |
_cBB _2ddc |
||
| 999 |
_c4131 _d4131 |
||